Sztuka Preromańska i Romańska (od pocz. XII wieku) - Statystyki

Ogólne statystyki
  • Ten quiz został rozwiązany 10 razy
    6 od ostatniego zresetowania
  • Średni wynik to 16 z 25
Statystyki odpowiedzi
Obrazkowy Hint Odpowiedź % Poprawnych
12W. Gniezno drzwi gnieźnieńskie
100%
12W Tum (Polska) Kolegiata pw Wniebowzięcia Panny Marii i św Aleksego | Kolegiata pod wezwaniem Wniebowzięcia Panny Marii i św Aleksego | Kolegiata w Tum | Kolegiata pw Wniebowzięcia Panny Marii i św Aleksego | Kolegiata NWP i św Aleksego w Tumie
100%
12W Tum (Polska) Kolegiata pw Wniebowzięcia Panny Marii i św Aleksego | Kolegiata pod wezwaniem Wniebowzięcia Panny Marii i św Aleksego | Kolegiata w Tum | Kolegiata pw Wniebowzięcia Panny Marii i św Aleksego | Kolegiata NWP i św Aleksego w Tumie
100%
12W Kruszwica (Polska) Kolegiata św Piotra i Pawła | Kolegiata w Kruszwicy
100%
12W Kruszwica (Polska) Kolegiata św Piotra i Pawła | Kolegiata w Kruszwicy
100%
12W Kruszwica (Polska) Kolegiata św Piotra i Pawłą | Kolegiata w Kruszwicy
100%
12W Kruszwica (Polska) Kolegiata św Piotra i Pawła | Kolegiata w Kruszwicy
100%
12W Wiślica (Polska) Posadzka z kolegiaty w Wiślicy | Płyta orantów
100%
12W. Magdeburg drzwi płockie
50%
12W Gislebertus - Sen trzech króli
50%
12W Gislebertus - Ucieczka do Egiptu
50%
12W (Polska) Kielich Dąbrówki z Trzemeszna
50%
12W Tum (Polska) Kolegiata pw Wniebowzięcia Panny Marii i św Aleksego | Kolegiata pod wezwaniem Wniebowzięcia Panny Marii i św Aleksego | Kolegiata w Tum | Kolegiata pw Wniebowzięcia Panny Marii i św Aleksego | Kolegiata NWP i św Aleksego w Tumie
50%
12W Tum (Polska) Kolegiata pw Wniebowzięcia Panny Marii i św Aleksego | Kolegiata pod wezwaniem Wniebowzięcia Panny Marii i św Aleksego | Kolegiata w Tum | Kolegiata pw Wniebowzięcia Panny Marii i św Aleksego | Kolegiata NWP i św Aleksego w Tumie
50%
13W Strzelna (Polska) Kolumna z kościoła św Trójcy
50%
12W (Polska) Patena Kaliska (Mieszka Starego) z lądu
50%
14W Sandomierz (Polska) Portal podwójny z kościoła św Jakuba
50%
12W (Francja) Portal w Autun
50%
12W (Francja) Portal w Moissac
50%
12W (Francja) Portal w Vezeley
50%
12W Wrocław (Polska) Portal z opactwa benedyktyńskiego na Ołbinie
50%
13W Trzebnica (Polska) Tympanon Dawidowy z opactwa cystersek pw Panny Marii i św Bartłomieja | Tympanon Dawidowy z opactwa cystersek
50%
13W Strzelna (Polska) Tympanon z portalu pn (trójlistny) z kościoła św Trójcy | Trójlistny tympanon z koscioła św. trojcy | Tympanon Trójlistny z koscioła św. trojcy
50%
12W Gislebertus - przedstawienie na nadprożu z wizerunkiem Ewy z Autun
0%
13W Strzelna (Polska) Tympanon fundacyjny Piotra i Anny Wszeborowiców z kościoła św Trójcy | Tympanon Fundacyjny Piotra i Anny
0%
Nie znaleziono quizów pasujących do podanych kryteriów
Rozkład punktacji
Procent ludzi z każdym wynikiem
Percentyl według liczby udzielonych odpowiedzi
Twoja historia wyników
Nie rozwiązałeś tego quizu od ostatniego zresetowania